000 00573cam a22002053a 4500
001 43951
003 PGUSA
005 20140828084012.0
008 131014s2013||||xxu|||||s|||||000 | eng d
040 _aPGUSA
_beng
042 _adc
100 1 _aBierce, Ambrose,
_d1842-1913
245 1 4 _aThe Cynic's Word Book
_h[electronic resource] /
_cAmbrose Bierce
260 _bProject Gutenberg,
_c2013
506 _aPublic domain in the USA.
516 _aElectronic text
830 0 _aProject Gutenberg
_v43951
856 4 0 _uhttp://www.gutenberg.org/ebooks/43951
942 _cEB
999 _c273202
_d273202